[Event "Roquetas de Mar op 35th"]
[Site "Roquetas de Mar"]
[Date "2024.01.07"]
[Round "9"]
[White "Alvarez Morales, Miguel"]
[Black "Korneev, Svyatoslav"]
[Result "1-0"]
[WhiteElo "2043"]
[BlackElo "2248"]
[PlyCount "100"]
[EventDate "2024.01.02"]
[EventType "swiss"]
[EventRounds "9"]
[EventCountry "ESP"]
[SourceTitle "CB02_2024"]
[SourceDate "2024.01.10"]
[SourceVersion "1"]
[SourceVersionDate "2024.01.10"]
[SourceQuality "1"]

1. Nf3 d5 2. d4 e6 3. c4 c6 4. cxd5 exd5 5. Nc3 f5 6. g3 Nf6 7. Bg2 Bd6 8. 0-0 0-0 9. Rb1 Ne4 10. Qc2 Qe7 11. e3 Be6 12. a3 Nd7 13. b4 Rfc8 14. Ne1 Nxc3 15. Qxc3 Nf6 16. Nd3 Ne4 17. Qc2 a5 18. Ne5 axb4 19. axb4 Bf7 20. Bd2 b6 21. Nd3 Rc7 22. Ra1 Rca7 23. Rxa7 Rxa7 24. Rb1 b5 25. Be1 Ra6 26. Nc1 Bg6 27. f4 Be8 28. Nb3 Ra3 29. Bxe4 fxe4 30. Qc3 g5 31. Ra1 Rxa1 32. Nxa1 gxf4 33. exf4 Qa7 34. Nc2 Qa2 35. Ne3 Bd7 36. Qd2 Qb3 37. f5 Bxb4 38. Qxb4 Qxe3+ 39. Bf2 Qf3 40. Qe7 Qd3 41. Kg2 Qf3+ 42. Kg1 Bxf5 43. Qe8+ Kg7 44. Qe7+ Kg6 45. Qe8+ Kh6 46. Qxc6+ Bg6 47. Qc5 Qd1+ 48. Kg2 Qf3+ 49. Kg1 b4 50. h4 b3 1-0

[Event "Almansa op-B"]
[Site "Almansa"]
[Date "2022.08.13"]
[Round "7"]
[White "Lloret Climent, Miguel"]
[Black "Alvarez Morales, Miguel"]
[Result "0-1"]
[WhiteElo "1939"]
[BlackElo "1956"]
[PlyCount "70"]
[EventDate "2022.08.10"]
[EventType "swiss"]
[EventRounds "8"]
[EventCountry "ESP"]
[SourceTitle "CBM 210 Extra"]
[Source "ChessBase"]
[SourceDate "2022.11.30"]
[SourceVersion "1"]
[SourceVersionDate "2022.11.30"]
[SourceQuality "1"]

1. d4 Nf6 2. c4 e6 3. Nf3 c5 4. Nc3 cxd4 5. Nxd4 a6 6. g3 Qc7 7. Qd3 b6 8. Bg2 Bb7 9. e4 d6 10. 0-0 Nbd7 11. b3 Rc8 12. Bb2 Be7 13. Rac1 0-0 14. h3 Rfd8 15. Rfd1 Qb8 16. Kh2 Qa8 17. Re1 Bf8 18. Rcd1 g6 19. Qe2 Qb8 20. Nc2 h5 21. Kg1 Bc6 22. Nb4 Bb7 23. Nc2 Qa8 24. Rd2 Rb8 25. Red1 b5 26. cxb5 axb5 27. Ba3 Rdc8 28. Qe3 Rxc3 29. Qxc3 Bxe4 30. Bxe4 Nxe4 31. Qc7 Nxd2 32. Rxd2 Ne5 33. Rxd6 Rc8 34. Qb6 Nf3+ 35. Kf1 Bxd6 0-1

[Event "Almansa op-B"]
[Site "Almansa"]
[Date "2022.08.11"]
[Round "4"]
[White "Alvarez Morales, Miguel"]
[Black "Garcia Vives, Joan"]
[Result "1-0"]
[WhiteElo "1956"]
[BlackElo "1527"]
[PlyCount "87"]
[EventDate "2022.08.10"]
[EventType "swiss"]
[EventRounds "8"]
[EventCountry "ESP"]
[SourceTitle "CBM 210 Extra"]
[Source "ChessBase"]
[SourceDate "2022.11.30"]
[SourceVersion "1"]
[SourceVersionDate "2022.11.30"]
[SourceQuality "1"]

1. c4 e5 2. Nc3 Bc5 3. e3 Nc6 4. Nf3 d6 5. d4 exd4 6. exd4 Bb6 7. Bg5 Nf6 8. b4 a6 9. d5 Qe7+ 10. Be2 Ne5 11. 0-0 h6 12. Bh4 0-0 13. Bg3 Nfg4 14. Re1 Qf6 15. Rc1 h5 16. h3 h4 17. Ne4 Nxf3+ 18. Bxf3 Qh6 19. hxg4 hxg3 20. Nxg3 Qf4 21. c5 Ba7 22. Re4 Qg5 23. Rec4 Re8 24. Qa4 Re5 25. Rf1 b5 26. cxb6 Bxb6 27. Re4 Rxe4 28. Nxe4 Qe5 29. Re1 g6 30. Qd1 Qd4 31. Qc1 f5 32. Nc5 dxc5 33. Qh6 Bd7 34. Qxg6+ Qg7 35. Qxg7+ Kxg7 36. Re7+ Kf6 37. Rxd7 cxb4 38. gxf5 Kxf5 39. d6 Ra7 40. Rf7+ Ke6 41. d7 c5 42. d8Q Bxd8 43. Rxa7 a5 44. Be2 1-0

[Event "Almansa op-B"]
[Site "Almansa"]
[Date "2022.08.11"]
[Round "3"]
[White "Lopez Milian, Andrea"]
[Black "Alvarez Morales, Miguel"]
[Result "1/2-1/2"]
[WhiteElo "1714"]
[BlackElo "1956"]
[PlyCount "116"]
[EventDate "2022.08.10"]
[EventType "swiss"]
[EventRounds "8"]
[EventCountry "ESP"]
[SourceTitle "CBM 210 Extra"]
[Source "ChessBase"]
[SourceDate "2022.11.30"]
[SourceVersion "1"]
[SourceVersionDate "2022.11.30"]
[SourceQuality "1"]

1. d4 Nf6 2. c4 e6 3. Nc3 Bb4 4. Qc2 0-0 5. Nf3 d5 6. Bg5 h6 7. Bh4 c5 8. cxd5 cxd4 9. Nxd4 exd5 10. e3 Nc6 11. Rd1 g5 12. Bg3 Ne4 13. f3 Nxg3 14. hxg3 Qd6 15. Kf2 Bxc3 16. Qxc3 Ne7 17. Nb5 Qc6 18. Nc7 Rb8 19. Nxd5 Nxd5 20. Rxd5 Qxc3 21. bxc3 Be6 22. Ra5 Kg7 23. f4 b6 24. Rxa7 Ra8 25. Rc7 Rxa2+ 26. Be2 Rd8 27. Re1 Rdd2 28. Kf1 Bd5 29. c4 Be4 30. Bf3 Rf2+ 31. Kg1 Bxf3 32. gxf3 Rxf3 33. fxg5 Rxg3+ 34. Kh1 hxg5 35. Rf1 Rxe3 36. Rcxf7+ Kg6 37. R7f6+ Kh5 38. Rxb6 Rh3+ 39. Kg1 Rg3+ 40. Kh1 Kh4 41. Rh6+ Kg4 42. Rc1 Rga3 43. c5 Ra1 44. Rxa1 Rxa1+ 45. Kg2 Ra2+ 46. Kf1 Rc2 47. c6 Kg3 48. Rg6 g4 49. Rf6 Rc1+ 50. Ke2 Kh3 51. Kd2 Rc5 52. Rh6+ Kg2 53. Kd3 g3 54. Kd4 Rc1 55. Kd5 Kf3 56. Rg6 Kf4 57. Kd6 Rd1+ 58. Ke7 Re1+ 1/2-1/2

[Event "Almansa op-B"]
[Site "Almansa"]
[Date "2022.08.10"]
[Round "1"]
[White "Hernandez Megias, Belen"]
[Black "Alvarez Morales, Miguel"]
[Result "0-1"]
[WhiteElo "1438"]
[BlackElo "1956"]
[PlyCount "40"]
[EventDate "2022.08.10"]
[EventType "swiss"]
[EventRounds "8"]
[EventCountry "ESP"]
[SourceTitle "CBM 210 Extra"]
[Source "ChessBase"]
[SourceDate "2022.11.30"]
[SourceVersion "1"]
[SourceVersionDate "2022.11.30"]
[SourceQuality "1"]

1. d4 Nf6 2. Nf3 e6 3. c4 c5 4. Nc3 cxd4 5. Nxd4 a6 6. f3 Bb4 7. Bd2 Qc7 8. e4 0-0 9. Be2 d5 10. cxd5 exd5 11. Nxd5 Nxd5 12. exd5 Bd6 13. Rc1 Qe7 14. 0-0 Bxh2+ 15. Kf2 Qh4+ 16. Ke3 Be5 17. Bc3 Bf4+ 18. Kd3 Bxc1 19. Qxc1 Nd7 20. Nf5 Nc5+ 0-1

[Event "Laujar de Andarax op 1st"]
[Site "Laujar de Andarax"]
[Date "2021.10.12"]
[Round "7"]
[White "Winkel, Peter"]
[Black "Alvarez Morales, Miguel"]
[Result "1/2-1/2"]
[WhiteElo "2247"]
[BlackElo "1931"]
[PlyCount "119"]
[EventDate "2021.10.08"]
[EventType "swiss"]
[EventRounds "7"]
[EventCountry "ESP"]
[SourceTitle "EXT 2023"]
[Source "ChessBase"]
[SourceDate "2022.10.05"]
[SourceVersion "1"]
[SourceVersionDate "2022.10.05"]
[SourceQuality "1"]

1. Nf3 Nf6 2. g3 b6 3. Bg2 Bb7 4. c4 c5 5. 0-0 e6 6. Nc3 d6 7. b3 Nbd7 8. Bb2 Be7 9. d4 cxd4 10. Nxd4 Bxg2 11. Kxg2 Qb8 12. e3 Qb7+ 13. Qf3 Qxf3+ 14. Kxf3 Rc8 15. Rad1 a6 16. h3 0-0 17. g4 Ne8 18. Kg3 Ne5 19. f4 Nc6 20. Nde2 Nc7 21. Na4 Na8 22. Nd4 Nxd4 23. Bxd4 b5 24. Nb2 bxc4 25. Nxc4 d5 26. Nb2 Rc2 27. Rc1 Rfc8 28. Nd3 Ba3 29. Rxc2 Rxc2 30. Rf2 Rxf2 31. Kxf2 Bd6 32. b4 f6 33. Bc5 Bxc5 34. Nxc5 Nc7 35. a4 Kf7 36. Ke2 Ke7 37. Kd2 Kd6 38. Kc3 e5 39. f5 g6 40. fxg6 hxg6 41. h4 f5 42. gxf5 gxf5 43. h5 d4+ 44. exd4 Nd5+ 45. Kc4 e4 46. h6 Nf6 47. a5 Ke7 48. b5 axb5+ 49. Kxb5 f4 50. Nxe4 Nxe4 51. h7 Nd6+ 52. Kc6 Nf7 53. a6 f3 54. a7 f2 55. a8Q f1Q 56. Qa3+ Kf6 57. Qd6+ Kg7 58. Qg3+ Kxh7 59. Qh4+ Kg6 60. Qe4+ 1/2-1/2

[Event "Laujar de Andarax op 1st"]
[Site "Laujar de Andarax"]
[Date "2021.10.09"]
[Round "2"]
[White "Grigoryan, Karen H"]
[Black "Alvarez Morales, Miguel"]
[Result "1-0"]
[WhiteElo "2634"]
[BlackElo "1931"]
[PlyCount "51"]
[EventDate "2021.10.08"]
[EventType "swiss"]
[EventRounds "7"]
[EventCountry "ESP"]
[SourceTitle "EXT 2023"]
[Source "ChessBase"]
[SourceDate "2022.10.05"]
[SourceVersion "1"]
[SourceVersionDate "2022.10.05"]
[SourceQuality "1"]

1. d4 Nf6 2. c4 e6 3. Nc3 Bb4 4. f3 c5 5. d5 exd5 6. cxd5 d6 7. e4 0-0 8. Nge2 b5 9. Bd2 Bxc3 10. bxc3 Nbd7 11. a4 bxa4 12. c4 Nb6 13. Ng3 Re8 14. Be2 Nfd7 15. Qc2 Ne5 16. f4 Ng4 17. h3 Qh4 18. Ra3 Nf6 19. 0-0 Bxh3 20. gxh3 Qxh3 21. Rf2 h5 22. Rh2 Qxh2+ 23. Kxh2 h4 24. Nf5 Rxe4 25. Bd3 Ng4+ 26. Kg2 1-0

[Event "Roquetas de Mar op 31st"]
[Site "Roquetas de Mar"]
[Date "2020.01.02"]
[Round "1"]
[White "Alvarez Morales, Miguel"]
[Black "Krysa, Leandro Sergio"]
[Result "0-1"]
[WhiteElo "2057"]
[BlackElo "2522"]
[PlyCount "142"]
[EventDate "2020.01.02"]
[EventType "swiss"]
[EventRounds "9"]
[EventCountry "ESP"]
[SourceTitle "CBM 194 Extra"]
[Source "ChessBase"]
[SourceDate "2020.03.31"]
[SourceVersion "1"]
[SourceVersionDate "2020.03.31"]
[SourceQuality "1"]

1. e4 c5 2. c4 Nc6 3. Nc3 g6 4. g3 Bg7 5. Bg2 e6 6. Nge2 Nge7 7. 0-0 0-0 8. d3 d6 9. Rb1 b6 10. a3 Bb7 11. Be3 Nd4 12. b4 Qd7 13. Qc1 Rae8 14. Bh6 e5 15. Bxg7 Kxg7 16. Nxd4 cxd4 17. Nd5 f5 18. Nxe7 Qxe7 19. exf5 Bxg2 20. Kxg2 gxf5 21. Qb2 Qf6 22. Rbd1 f4 23. f3 h5 24. Qd2 Kh8 25. Kh1 Rg8 26. gxf4 Qxf4 27. Qe2 Ref8 28. Rf2 h4 29. Qd2 Qe3 30. Qxe3 dxe3 31. Re2 Rxf3 32. Rde1 h3 33. Rxe3 Rgf8 34. Kg1 R8f5 35. Rxf3 Rxf3 36. c5 bxc5 37. bxc5 dxc5 38. Rxe5 Rxd3 39. Rxc5 Rxa3 40. Kf2 Kg7 41. Rc6 Kf7 42. Rh6 Ke7 43. Ke2 a5 44. Kf2 Kd7 45. Ra6 Kc7 46. Rh6 Kb7 47. Rh7+ Kc6 48. Rh6+ Kd5 49. Rh5+ Ke4 50. Rh4+ Kf5 51. Rh8 a4 52. Ra8 Kf4 53. Rf8+ Ke4 54. Rh8 Kd5 55. Rh5+ Kc4 56. Rh4+ Kb3 57. Rxh3+ Kb2 58. Rh8 Rb3 59. Re8 a3 60. Re2+ Ka1 61. Re1+ Rb1 62. Re8 a2 63. h4 Rb3 64. h5 Kb2 65. Re2+ Ka3 66. Re1 Rb1 67. Re8 Kb3 68. Ra8 a1Q 69. Rxa1 Rxa1 70. Kf3 Ra4 71. Kg3 Re4 0-1

[Event "Iberoamerican-ch 7th"]
[Site "Linares"]
[Date "2019.08.16"]
[Round "7"]
[White "Alvarez Morales, Miguel"]
[Black "Garcia Martin, Marta"]
[Result "0-1"]
[WhiteElo "1965"]
[BlackElo "2313"]
[PlyCount "66"]
[EventDate "2019.08.10"]
[EventType "swiss"]
[EventRounds "9"]
[EventCountry "ESP"]
[SourceTitle "CBM 191 Extra"]
[Source "ChessBase"]
[SourceDate "2019.09.30"]
[SourceVersion "1"]
[SourceVersionDate "2019.09.30"]
[SourceQuality "1"]

1. e4 c5 2. c4 Nc6 3. Nc3 g6 4. g3 Bg7 5. Bg2 d6 6. Nge2 h5 7. h3 Bd7 8. d3 a6 9. Be3 Nd4 10. 0-0 b5 11. e5 dxe5 12. Bxa8 Qxa8 13. Nd5 Qc6 14. Bxd4 exd4 15. Qd2 e6 16. Rfe1 Kf8 17. Ndf4 Ne7 18. Qa5 Bf6 19. cxb5 axb5 20. b4 e5 21. bxc5 exf4 22. Nxf4 g5 23. Ng2 Bxh3 24. Re4 Bf5 25. Ree1 Nd5 26. a4 bxa4 27. Rxa4 Kg7 28. Ra3 Nc3 29. Ne3 dxe3 30. Rxc3 exf2+ 31. Kxf2 Bd4+ 32. Ke2 Re8+ 33. Kd2 Qg2+ 0-1

[Event "Iberoamerican-ch 7th"]
[Site "Linares"]
[Date "2019.08.15"]
[Round "6"]
[White "Gomez Barrera, Javiera Belen"]
[Black "Alvarez Morales, Miguel"]
[Result "1/2-1/2"]
[WhiteElo "2156"]
[BlackElo "1965"]
[PlyCount "133"]
[EventDate "2019.08.10"]
[EventType "swiss"]
[EventRounds "9"]
[EventCountry "ESP"]
[SourceTitle "CBM 191 Extra"]
[Source "ChessBase"]
[SourceDate "2019.09.30"]
[SourceVersion "1"]
[SourceVersionDate "2019.09.30"]
[SourceQuality "1"]

1. e4 c5 2. Nf3 e6 3. d4 cxd4 4. Nxd4 a6 5. Bd3 Nf6 6. 0-0 d6 7. Qe2 Nbd7 8. c4 Be7 9. f4 Qc7 10. Nc3 0-0 11. Nf3 g6 12. Bd2 Nc5 13. Bc2 b5 14. b4 Ncd7 15. cxb5 d5 16. exd5 Bxb4 17. dxe6 Bxc3 18. Bxc3 Qxc3 19. exd7 Bxd7 20. bxa6 Qc5+ 21. Kh1 Bb5 22. Bd3 Bxd3 23. Qxd3 Ng4 24. Qd4 Qxd4 25. Nxd4 Rxa6 26. h3 Rd8 27. Nb3 Ne3 28. Rf2 Rad6 29. Re1 Rd1 30. Rfe2 Nf5 31. Kh2 Rxe1 32. Rxe1 Ra8 33. Re2 Ra4 34. g3 Ra3 35. Kg2 Kf8 36. Kf2 Nd6 37. Nc1 f5 38. Re3 Ne4+ 39. Kf3 Ra7 40. a3 Rc7 41. Ne2 Rc2 42. g4 Ra2 43. gxf5 gxf5 44. Rd3 Nd2+ 45. Ke3 Nc4+ 46. Kd4 Nxa3 47. Ng3 Kf7 48. Ke5 Nc4+ 49. Kxf5 Ra5+ 50. Kg4 Kg6 51. Rd4 Ne3+ 52. Kf3 Nf5 53. Rd3 h5 54. Ne2 Kf6 55. Rb3 Ra6 56. Rc3 Rd6 57. Kf2 Rd2 58. Ke1 Rd6 59. Kf2 Ra6 60. Rd3 Ra2 61. Kf3 Ra5 62. Nc3 Ke6 63. Ne4 Nh4+ 64. Kg3 Nf5+ 65. Kf3 Nh4+ 66. Kg3 Nf5+ 67. Kf3 1/2-1/2

[Event "Iberoamerican-ch 7th"]
[Site "Linares"]
[Date "2019.08.11"]
[Round "2"]
[White "Calzetta Ruiz, Monica"]
[Black "Alvarez Morales, Miguel"]
[Result "1/2-1/2"]
[WhiteElo "2257"]
[BlackElo "1965"]
[PlyCount "51"]
[EventDate "2019.08.10"]
[EventType "swiss"]
[EventRounds "9"]
[EventCountry "ESP"]
[SourceTitle "CBM 191 Extra"]
[Source "ChessBase"]
[SourceDate "2019.09.30"]
[SourceVersion "1"]
[SourceVersionDate "2019.09.30"]
[SourceQuality "1"]

1. e4 c5 2. Nf3 d6 3. d4 cxd4 4. Nxd4 a6 5. Nc3 Qc7 6. Bd3 Nf6 7. Qe2 Nbd7 8. f4 e6 9. g4 Nc5 10. g5 Nfd7 11. Bd2 Be7 12. h4 b5 13. b4 Nxd3+ 14. cxd3 Bb7 15. Rc1 Rc8 16. 0-0 Qb8 17. a3 g6 18. f5 e5 19. Nb3 Bd8 20. Be3 Qa8 21. Na5 Bxa5 22. bxa5 Nc5 23. Nd5 Bxd5 24. exd5 0-0 25. fxg6 hxg6 26. Qg2 1/2-1/2

[Event "Mislata op-C 52nd"]
[Site "Mislata"]
[Date "2018.08.08"]
[Round "4"]
[White "Sanleon Pravisano, Nieves"]
[Black "Alvarez Morales, Miguel"]
[Result "1/2-1/2"]
[WhiteElo "1858"]
[BlackElo "1955"]
[PlyCount "73"]
[EventDate "2018.08.06"]
[EventType "swiss"]
[EventRounds "9"]
[EventCountry "ESP"]
[SourceTitle "EXT 2024"]
[Source "ChessBase"]
[SourceDate "2023.10.10"]
[SourceVersion "1"]
[SourceVersionDate "2023.10.10"]
[SourceQuality "1"]

1. d4 Nf6 2. c4 e6 3. Nf3 c5 4. d5 exd5 5. cxd5 d6 6. Nc3 g6 7. h3 a6 8. a4 Bg7 9. e4 0-0 10. Be2 Re8 11. Qc2 Nbd7 12. 0-0 Nh5 13. Be3 Rb8 14. a5 b5 15. axb6 Qxb6 16. Rab1 Qb3 17. Qxb3 Rxb3 18. Nd2 Rxb2 19. Rxb2 Bxc3 20. Ra2 Bxd2 21. Bxd2 Rxe4 22. Bxa6 Re8 23. Bxc8 Rxc8 24. Ra6 Ne5 25. Rxd6 c4 26. Bc3 Nd3 27. Rc6 Rd8 28. Rxc4 f5 29. Ra1 Rxd5 30. Rc7 Rd8 31. Raa7 Ndf4 32. Be5 Re8 33. Ba1 Nd5 34. Rcb7 Ndf6 35. g4 fxg4 36. hxg4 Nxg4 37. Kg2 1/2-1/2

[Event "Almansa op-B 13th"]
[Site "Almansa"]
[Date "2018.08.03"]
[Round "3.5"]
[White "Alvarez Morales, Miguel"]
[Black "Molla Gil, Pablo"]
[Result "1/2-1/2"]
[WhiteElo "1955"]
[BlackElo "1875"]
[PlyCount "154"]
[EventDate "2018.08.02"]
[EventType "swiss"]
[EventRounds "7"]
[EventCountry "ESP"]
[SourceTitle "EXT 2024"]
[Source "ChessBase"]
[SourceDate "2023.10.10"]
[SourceVersion "1"]
[SourceVersionDate "2023.10.10"]
[SourceQuality "1"]

1. c4 e5 2. Nc3 d6 3. Nf3 f5 4. d4 e4 5. Ng1 Nf6 6. Bg5 Be7 7. e3 0-0 8. Qb3 c6 9. Nge2 h6 10. Bxf6 Bxf6 11. Nf4 g5 12. Nh5 Bh8 13. h4 g4 14. Nf4 Bf6 15. g3 Qb6 16. Qc2 Qd8 17. Qb3 Qb6 18. Qa3 a5 19. Qb3 Qxb3 20. axb3 Bd8 21. Be2 Na6 22. 0-0 Nb4 23. Ra4 Bd7 24. c5 b5 25. cxb6 Bxb6 26. Raa1 Kf7 27. Rfc1 Rfc8 28. Na4 Bd8 29. Bc4+ Kf6 30. Kg2 Rcb8 31. d5 c5 32. Nc3 Rb7 33. Rd1 Be7 34. Rd2 Rbb8 35. Ne6 Ra7 36. Ne2 Rbb7 37. N2f4 a4 38. Nh5+ Kg6 39. Nhf4+ Kf6 40. Nh5+ Kg6 41. bxa4 Rxa4 42. Nhf4+ Kf6 43. Nh5+ Kg6 44. Ra3 Rba7 45. Nhf4+ Kf6 46. Nh5+ Kg6 47. Nef4+ Kf7 48. Rxa4 Rxa4 49. b3 Ra1 50. Ne6 Kg6 51. Nhf4+ Kf6 52. Nc7 Rc1 53. Nfe6 Nc2 54. Be2 Ne1+ 55. Kh2 Rb1 56. Rd1 Rxd1 57. Bxd1 Nd3 58. Kg2 Nb4 59. Nf4 Bd8 60. Nce6 Bxe6 61. Nxe6 Ba5 62. Nf4 Ke5 63. Be2 Nxd5 64. Nxd5 Kxd5 65. Bc4+ Ke5 66. Bg8 d5 67. Kf1 d4 68. Ke2 Bc3 69. Bc4 Bb2 70. Bg8 Bc1 71. Bh7 d3+ 72. Kd1 Ba3 73. Kd2 Bb4+ 74. Kd1 Ba5 75. Bg8 Bd8 76. Bh7 Ba5 77. Bg6 Bc7 1/2-1/2

[Event "Mislata op 51st"]
[Site "Mislata"]
[Date "2017.08.10"]
[Round "5"]
[White "Kovacevic, Slobodan"]
[Black "Alvarez Morales, Miguel"]
[Result "1-0"]
[WhiteElo "2304"]
[BlackElo "2055"]
[PlyCount "71"]
[EventDate "2017.08.07"]
[EventType "swiss"]
[EventRounds "9"]
[EventCountry "ESP"]
[SourceTitle "CBM 179 Extra"]
[Source "ChessBase"]
[SourceDate "2017.08.23"]
[SourceVersion "1"]
[SourceVersionDate "2017.08.23"]
[SourceQuality "1"]

1. d4 d5 2. Bf4 Nf6 3. e3 c5 4. c3 Nc6 5. Nd2 Bf5 6. Qb3 Qb6 7. dxc5 Qxb3 8. axb3 e5 9. Bg3 Bxc5 10. Ngf3 d4 11. Nxe5 dxe3 12. fxe3 Nxe5 13. Bxe5 Ng4 14. Bxg7 Nxe3 15. Ra5 b6 16. Rxc5 bxc5 17. Bxh8 0-0-0 18. Bg7 Re8 19. Ba6+ Kc7 20. Kf2 Ng4+ 21. Kf3 Kb6 22. Bc4 Rd8 23. h3 Rxd2 24. hxg4 Bxg4+ 25. Kxg4 Rxg2+ 26. Kf3 Rxg7 27. Rh6+ Kb7 28. Rf6 a5 29. Rxf7+ Rxf7+ 30. Bxf7 Kc6 31. Ke4 Kd6 32. Kd3 Ke7 33. Bh5 Kd6 34. Kc4 Kc6 35. Bf7 Kb6 36. Be8 1-0

[Event "Andalucia-chA"]
[Site "Roquetas de Mar"]
[Date "2017.05.21"]
[Round "8"]
[White "Redondo Benavente, Ana"]
[Black "Alvarez Morales, Miguel"]
[Result "0-1"]
[WhiteElo "2042"]
[BlackElo "2048"]
[PlyCount "66"]
[EventDate "2017.05.13"]
[EventType "swiss"]
[EventRounds "8"]
[EventCountry "ESP"]
[SourceTitle "EXT 2020"]
[Source "ChessBase"]
[SourceDate "2019.10.17"]
[SourceVersion "1"]
[SourceVersionDate "2019.10.17"]
[SourceQuality "1"]

1. e4 Nf6 2. Nc3 d5 3. e5 Nfd7 4. Nxd5 Nxe5 5. Ne3 Nbc6 6. Nf3 Nxf3+ 7. Qxf3 a6 8. c3 g6 9. d4 Bg7 10. Bc4 0-0 11. Ng4 Bxg4 12. Qxg4 e5 13. Bg5 Qd6 14. d5 Na5 15. 0-0-0 f5 16. Qh4 Nxc4 17. Qxc4 b5 18. Qh4 Rfe8 19. Rhe1 a5 20. Bh6 b4 21. c4 a4 22. Kb1 Bh8 23. Rd3 e4 24. Rh3 a3 25. Be3 h5 26. Qg5 b3 27. Rxh5 bxa2+ 28. Kc2 Bg7 29. Bd4 Bxd4 30. Rh6 Kf7 31. b4 Bg7 32. Rh7 Qe5 33. Qc1 Qc3+ 0-1

[Event "Roquetas de Mar op 28th"]
[Site "Roquetas de Mar"]
[Date "2017.01.03"]
[Round "1"]
[White "Popovic, Dusan"]
[Black "Alvarez Morales, Miguel"]
[Result "1/2-1/2"]
[WhiteElo "2525"]
[BlackElo "2081"]
[PlyCount "121"]
[EventDate "2017.01.03"]
[EventType "swiss"]
[EventRounds "9"]
[EventCountry "ESP"]
[SourceTitle "CBM 176 Extra"]
[Source "ChessBase"]
[SourceDate "2017.03.02"]
[SourceVersion "1"]
[SourceVersionDate "2017.03.02"]
[SourceQuality "1"]

1. e4 c5 2. Nf3 Nc6 3. Bb5 g6 4. 0-0 Bg7 5. Re1 Nf6 6. e5 Nd5 7. Nc3 Nc7 8. Bxc6 dxc6 9. Ne4 b6 10. h3 0-0 11. d3 Ne6 12. Ng3 Qd5 13. Bd2 Nd4 14. Nxd4 cxd4 15. Bf4 c5 16. Qd2 Bb7 17. f3 Rfe8 18. h4 f6 19. Bh6 Qf7 20. Re2 Bxh6 21. Qxh6 Qg7 22. Qf4 f5 23. e6 Qf6 24. Re5 Rad8 25. Rae1 Rd5 26. h5 Rxe5 27. Rxe5 Rf8 28. hxg6 hxg6 29. b4 Bc8 30. bxc5 bxc5 31. Rxc5 Bxe6 32. Ne2 Rd8 33. Rc6 Kf7 34. a3 g5 35. Qc7 Qh8 36. Ra6 Rd7 37. Qc5 Rb7 38. Rxe6 Rb1+ 39. Kf2 Qh4+ 40. Ng3 Kxe6 41. Qxf5+ Kd6 42. Qg6+ e6 43. Qe8 Rc1 44. Qd8+ Kc6 45. Qc8+ Kd6 46. Qd8+ Kc6 47. Qc8+ Kd6 48. Ke2 Ke7 49. Qc7+ Ke8 50. Qc8+ Ke7 51. Qc7+ Ke8 52. Qd6 Rxc2+ 53. Kd1 Rxg2 54. Qxe6+ Kd8 55. Qd5+ Kc8 56. Qa8+ Kc7 57. Qxa7+ Kc8 58. Qc5+ Kd8 59. Qa5+ Kc8 60. Qc5+ Kd8 61. Qd6+ 1/2-1/2

[Event "Rutas de Cuenca op 2nd"]
[Site "Cuenca"]
[Date "2015.06.19"]
[Round "2"]
[White "Alvarez Morales, Miguel"]
[Black "Fernandez Cano, Victor"]
[Result "0-1"]
[WhiteElo "2028"]
[BlackElo "1955"]
[PlyCount "90"]
[EventDate "2015.06.19"]
[EventType "swiss"]
[EventRounds "7"]
[EventCountry "ESP"]
[SourceTitle "EXT 2019"]
[Source "ChessBase"]
[SourceDate "2018.10.10"]
[SourceVersion "1"]
[SourceVersionDate "2018.10.10"]
[SourceQuality "1"]

1. c4 Nf6 2. Nc3 g6 3. e4 d6 4. d4 Bg7 5. Be2 0-0 6. Nf3 e5 7. 0-0 Na6 8. dxe5 dxe5 9. Bg5 Qe8 10. Qc2 c6 11. a3 Nc5 12. b4 Ne6 13. Bd2 Nd7 14. c5 Nd4 15. Qd3 Nxe2+ 16. Qxe2 f5 17. Ng5 Nf6 18. Rad1 h6 19. Nf3 Kh7 20. Bc1 Nh5 21. Rfe1 f4 22. Nd2 Be6 23. f3 Qe7 24. Nf1 Rad8 25. Rxd8 Rxd8 26. Rd1 Rxd1 27. Qxd1 Bf6 28. Bd2 Ng7 29. Be1 Ne8 30. Qe2 Nc7 31. Nd1 g5 32. Nf2 Nb5 33. a4 Nc7 34. Nd3 Bc4 35. Nd2 Qf7 36. Nxc4 Qxc4 37. Kf2 a5 38. bxa5 Na6 39. Qd2 Nxc5 40. Nxc5 Qxc5+ 41. Ke2 Kg6 42. Kd3 Bd8 43. Qc3 Qxc3+ 44. Bxc3 Bc7 45. Kc2 Kf6 0-1

[Event "San Pedro del Pinatar op 6th"]
[Site "San Pedro del Pinatar"]
[Date "2015.01.31"]
[Round "3"]
[White "Alcobas Cervantes, Miguel Angel"]
[Black "Alvarez Morales, Miguel"]
[Result "1/2-1/2"]
[WhiteElo "1857"]
[BlackElo "1981"]
[PlyCount "48"]
[EventDate "2015.01.30"]
[EventType "swiss"]
[EventRounds "7"]
[EventCountry "ESP"]
[SourceTitle "CBM 164 Extra"]
[Source "ChessBase"]
[SourceDate "2015.03.02"]
[SourceVersion "1"]
[SourceVersionDate "2015.03.02"]
[SourceQuality "1"]

1. d4 Nf6 2. Nf3 e6 3. e3 c5 4. Bd3 d5 5. b3 cxd4 6. exd4 Bb4+ 7. c3 Bd6 8. 0-0 Qc7 9. c4 dxc4 10. bxc4 0-0 11. Nc3 a6 12. Bb2 Nc6 13. Ne4 Be7 14. Qe2 Rd8 15. Rac1 Nxe4 16. Qxe4 f5 17. Qe2 Bf6 18. Rfe1 Nxd4 19. Bxd4 Bxd4 20. Nxd4 Rxd4 21. Bxf5 e5 22. Bxh7+ Kxh7 23. Qh5+ Kg8 24. Qe8+ Kh7 1/2-1/2

[Event "Almeria Sola Memorial 1st"]
[Site "Almeria"]
[Date "2014.12.27"]
[Round "4"]
[White "Alvarez Morales, Miguel"]
[Black "Balbuena Fuentes, Mario"]
[Result "1/2-1/2"]
[WhiteElo "1979"]
[BlackElo "2015"]
[PlyCount "85"]
[EventDate "2014.12.26"]
[EventType "swiss"]
[EventRounds "7"]
[EventCountry "ESP"]
[SourceTitle "CBM 164 Extra"]
[Source "ChessBase"]
[SourceDate "2015.03.02"]
[SourceVersion "1"]
[SourceVersionDate "2015.03.02"]
[SourceQuality "1"]

1. c4 e5 2. Nc3 Nc6 3. Nf3 f5 4. d4 e4 5. Ng1 Nf6 6. Bg5 h6 7. Bxf6 Qxf6 8. e3 Bb4 9. Nge2 0-0 10. a3 Bxc3+ 11. Nxc3 Ne7 12. g3 Qe6 13. Nb5 Qb6 14. c5 Qc6 15. Rc1 Kh8 16. Bc4 a6 17. Nc3 d5 18. Bf1 Qe6 19. Ne2 g5 20. h4 Kg7 21. hxg5 hxg5 22. Ng1 Qg6 23. Qh5 Bd7 24. f4 g4 25. Qxg6+ Kxg6 26. Kf2 Rh8 27. Rxh8 Rxh8 28. Ne2 Bb5 29. Kg2 Kf6 30. Nc3 Bxf1+ 31. Rxf1 Ke6 32. b4 Kd7 33. a4 c6 34. Rb1 Kc7 35. Ra1 Ng6 36. b5 Ra8 37. b6+ Kd7 38. Na2 Rh8 39. Nc1 Ne7 40. Nb3 Rh3 41. Rb1 Kc8 42. a5 Ng8 43. Rh1 1/2-1/2